000 00662nam a2200193Ia 4500
999 _c34487
_d34487
003 GCL
005 20240530102750.0
008 140319s9999 ua 000 0 ara d
040 _aGCL /
_cGCL
082 0 4 _a210/
_bم إ
100 0 _aالسيد رزق الطويل
245 1 0 _aالصحابة المعلمون /
_cالسيد رزق الطويل
260 _aالقاهرة:
_bالمؤسسة العربية الحديثة،
_c1988
300 _a159 ص. ؛
_c19 سم
490 0 _aاسلاميات.مكتبة المسلم العصرية ؛
_v97.
650 0 7 _aالاسلام
_2qrmak
650 0 7 _aالصحابة والتابعون
_2qrmak
942 _2ddc
_cBK